[Event "Sochi"]
[Site "Sochi"]
[Date "1980.??.??"]
[Round "3"]
[White "Spassov, Liuben"]
[Black "Tseshkovsky, Vitaly"]
[Result "1/2-1/2"]
[WhiteElo "2450"]
[BlackElo "2595"]

1.Nf3 Nf6 2.c4 c5 3.Nc3 e6 4.g3 b6 5.Bg2 Bb7 6.O-O Be7 7.b3 O-O 8.Bb2 a6
9.d4 cxd4 10.Qxd4 d6 11.Rfd1 Qc7 12.Rac1 Rd8 13.Qe3 Nbd7 14.Nd4 Bxg2 15.Kxg2 Bf8
16.Kg1 Rac8 17.Qf3 Re8 18.Ne4 Nxe4 19.Qxe4 Qb8 20.Nf3 h6 21.Qd4 b5 22.Ba3 b4
23.Bb2 Qb7 24.Ne1 a5 25.Nd3 Nf6 26.Qf4 Ne4 27.f3 Ng5 28.Qd2 e5 29.h4 Ne6
30.Nf2 f5 31.e4 f4 32.g4 Qe7 33.h5 Qh4 34.Nd3 Ng5 35.Qg2 g6 36.hxg6 Re6 37.Kf1 Rxg6
38.Ke2 Ne6 39.Rh1 Qe7 40.Qf2 Qb7 41.Kf1 a4 42.bxa4 Kh7 43.Kg2 Rg5 44.Qc2 Be7
45.Ba1 Rcg8 46.Kf1 h5 47.Qb3 Nc5 48.Nxc5 dxc5 49.Rd1 Kg6 50.Rxh5 Rxh5 51.gxh5+ Kh7
52.Qd3 Qa6 53.Qd5 Bf6 54.Rd2 Rg5 55.Rg2 Rg7 56.Rxg7+ Bxg7 57.a5 Qxa5 58.Bxe5 Bxe5
59.Qxe5 Qxa2 60.Qe7+ Kh6 61.Qf6+  1/2-1/2

[Event "Rilton Cup"]
[Site "Stockholm"]
[Date "1980.??.??"]
[Round "?"]
[White "Welin, Thomas"]
[Black "Petursson, Margeir"]
[Result "1/2-1/2"]
[WhiteElo "2215"]
[BlackElo "2425"]

1.c4 c5 2.Nf3 Nf6 3.Nc3 e6 4.g3 Nc6 5.Bg2 Be7 6.O-O O-O 7.d4 d5 8.cxd5 Nxd5
9.Nxd5 exd5 10.dxc5 Bxc5 11.b3 Re8 12.Bb2 d4 13.Rc1 Bb6 14.Rxc6 bxc6 15.Nxd4 Bxd4
16.Qxd4 Qxd4 17.Bxd4 Bd7 18.e3 Rec8 19.Rc1 a5 20.Rc3 Rab8 21.Bc5 Be6 22.Ba7 Ra8
23.Bd4 Bd5 24.a3 f6 25.Bb6 Bxg2 26.Kxg2 Kf7 27.Kf3 Ke6 28.e4 Ra6 29.Bd4 Raa8
30.Ke3 Rab8 31.f4 Rb5 32.Bc5 Rcb8 33.b4 axb4 34.axb4 Rd8 35.Ra3 Rbb8 36.Ra7 f5
37.Rxg7 fxe4 38.Kxe4 Rd2 39.Rxh7 Re8 40.Rh6+ Kf7+ 41.Kf5 Rd5+ 42.Kg4 Re2
43.Rxc6 Rxh2 44.Rd6 Rxd6 45.Bxd6 Ke6 46.Bc5 Rh8 47.b5 Kd5 48.Ba7 Ke4 49.b6 Rg8+
50.Kh3 Kf3 51.Kh4 Rh8+ 52.Kg5 Rg8+ 53.Kf6 Kxg3 54.Kf7 Rc8 55.f5 Kf4 56.f6 Ke5
57.Ke7 Kd5 58.Kd7 Rf8 59.b7 Rf7+ 60.Kc8 Rf8+ 61.Kc7 Rf7+ 62.Kb6 Rxf6+ 63.Kb5 Rf8
64.b8=Q Rxb8+ 65.Bxb8  1/2-1/2

[Event "SWE-ch"]
[Site "?"]
[Date "1980.??.??"]
[Round "?"]
[White "Cramling, Dan"]
[Black "Ornstein, Axel"]
[Result "1/2-1/2"]
[WhiteElo "2330"]
[BlackElo "2450"]

1.c4 c5 2.Nf3 Nf6 3.Nc3 e6 4.g3 b6 5.Bg2 Bb7 6.O-O Be7 7.d4 cxd4 8.Qxd4 d6
9.e4 O-O 10.Qe3 a6 11.Nd4 Qc7 12.b3 Nc6 13.Bb2 Nxd4 14.Qxd4 Rfd8 15.Rac1 Bf8
16.Kh1 Rac8 17.f4 Qb8 18.f5 e5 19.Qxb6 Rc5 20.Nd5 Nxe4 21.Ba3 Rcc8 22.Qa5 Bxd5
23.cxd5 Nf6 24.Rc6 Qb5 25.Qxa6 Qxa6 26.Rxa6 Ra8 27.Ra4 Rxa4 28.bxa4 Ra8 29.Bb4 Rxa4
30.a3 e4 31.Rd1 g6 32.fxg6 hxg6 33.Bf1 Ra8 34.Bb5 Rc8 35.Bc6 Ng4 36.Rc1 Nf2+
37.Kg2 Nd3 38.Rc4 f5 39.a4 Rb8 40.Bc3 Bg7 41.Bb5 Bxc3 42.Rxc3 Nc5 43.Kf2 Kf7
44.Ke3 Kf6 45.Kd4 g5 46.h4 gxh4 47.gxh4 f4 48.Rxc5 dxc5+ 49.Kxe4 Rh8 50.d6 Rxh4
51.a5 Rh1 52.Kxf4 Rb1 53.Bc6 Ra1 54.Ke4 Rxa5 55.Kd5  1/2-1/2

[Event "SWE-ch"]
[Site "?"]
[Date "1980.??.??"]
[Round "?"]
[White "Akesson, Ralf"]
[Black "Svensson, Bengt"]
[Result "1-0"]
[WhiteElo "2230"]
[BlackElo "2200"]

1.Nf3 c5 2.c4 Nf6 3.Nc3 e6 4.g3 Nc6 5.Bg2 d5 6.cxd5 Nxd5 7.O-O Be7 8.d4 O-O
9.Nxd5 exd5 10.dxc5 Bxc5 11.Qc2 Bb6 12.Ng5 g6 13.Qd2 d4 14.Qf4 Qe7 15.Bd2 Bf5
16.Nf3 Rfe8 17.Rfe1 f6 18.e4 dxe3 19.Bxe3 Bxe3 20.Rxe3 Qf7 21.Nd4 Nxd4 22.Qxd4 Red8
23.Qb4 Rd7 24.Rae1 Rad8 25.h4 b6 26.Re7 Qf8 27.Bc6 Rxe7 28.Rxe7 Kh8 29.Qa3 a5
30.Qe3 Rc8 31.Ba4 Rb8 32.Bb3 Qd8 33.Rf7 a4 34.Qh6 Qg8 35.Bd5 Be4 36.Be6 Bf5
37.Qf4 Rf8 38.Rxf8 Qxf8 39.Bxf5 gxf5 40.Qxf5 Qd6 41.Kg2 Qc6+ 42.Kh2 b5 43.Qd3 Qc5
44.Kg2 Qe5 45.Qd2 Kg7 46.a3 Kg8 47.Qc3 Qd5+ 48.Kh2 Kf7 49.Qe3 h5 50.Qf4 Ke7
51.Qc7+ Kf8 52.Qc2 Kg7 53.Kg1 Qd4 54.Qc7+ Kg6 55.Qc3 Qd1+ 56.Kg2 Qd5+ 57.Kh2 Kg7
58.Qc7+ Kg6 59.Qc2+ Kg7 60.Qe2 Kf7 61.f3 Kf8 62.Kh3 Qd7+ 63.Kg2 Qd5 64.Qe3 Kf7
65.Qe2 Kf8 66.Kh2 Kf7 67.g4 hxg4 68.fxg4 b4 69.axb4 Qd6+ 70.Kg2 Qxb4 71.h5 Qb7+
72.Kg3 Qd5 73.Qe3 Qd6+ 74.Kh3 Qd5 75.Qe2 Qb3+ 76.Kh4 Qd5 77.Qf2 Qe5 78.Qd2 Qe4
79.Kg3 Kf8 80.h6 Ke8 81.Qc3 Kf7 82.Qc7+ Ke6 83.Qb6+ Kf7 84.Qa7+ Ke6 85.h7 Qd3+
86.Kh4 Qd5 87.Qb6+ Ke7 88.Qc7+ Ke6 89.Qc8+ Ke7 90.Qc7+ Ke6 91.Qc1 Qa8 92.Qc4+ Ke7
93.Kg3 Qb8+ 94.Kf3 Qd8 95.Ke4 Qa8+ 96.Ke3 Qb8 97.Qd5 Qg3+ 98.Qf3 Qb8 99.Qd5 Qg3+
100.Kd2 Qh2+ 101.Kc3 Qg3+ 102.Kb4 Qxg4+ 103.Qc4 Qh3 104.Qc7+  1-0

[Event "CSR-ch"]
[Site "Trnava"]
[Date "1980.??.??"]
[Round "4"]
[White "Lechtynsky, Jiri"]
[Black "Gross, Stefan"]
[Result "1/2-1/2"]
[WhiteElo "2450"]
[BlackElo "2355"]

1.c4 c5 2.Nf3 Nf6 3.Nc3 d5 4.cxd5 Nxd5 5.d4 Nxc3 6.bxc3 g6 7.e4 Bg7 8.Be3 Qa5
9.Qd2 Nc6 10.Rc1 cxd4 11.cxd4 Qxd2+ 12.Kxd2 e6 13.Be2 O-O 14.Rhd1 Bd7  1/2-1/2

[Event "CSR-ch"]
[Site "Trnava"]
[Date "1980.??.??"]
[Round "11"]
[White "Vokac, Marek"]
[Black "Gross, Stefan"]
[Result "1/2-1/2"]
[WhiteElo "2330"]
[BlackElo "2355"]

1.c4 c5 2.Nc3 e6 3.Nf3 Nf6 4.e3 d5 5.d4 Nc6 6.Bd3 Be7 7.O-O O-O 8.a3 b6 9.cxd5 exd5
10.Ne5 Qc7 11.f4 cxd4 12.Nb5 Qb7 13.Nxc6 Qxc6 14.Nxd4 Qb7 15.b4 Ne4 16.Bb2 Bf6
17.Rc1 Bd7 18.Qe2 a6 19.Nf3 Bg4 20.Bxf6 Nxf6 21.Qb2 Bxf3 22.gxf3 Rfe8 23.Qd4 Rad8
24.Rc3 b5 25.Rfc1 Qe7 26.a4 bxa4 27.Bxa6 Rb8 28.b5 Qe6 29.Qxa4 Qh3 30.Qd1 d4
31.Qxd4 Qxf3 32.Qd1 Qh3 33.Qf1 Qh4 34.Qf2 Qh5 35.Rc5 Qg6+ 36.Qg2 Qd3 37.R5c3 Qd8
38.Bb7 Qb6 39.Bc6 Rxe3 40.Kh1 Rxc3 41.Rxc3 Qd4 42.Rc1 Qxf4 43.Rg1 g6 44.Rf1 Qd6
45.Qg3 Ne8 46.Qxd6 Nxd6 47.Rd1 Nc4 48.Rb1 Kf8 49.Kg2 f6 50.Kg3 Ke7 51.Ra1 Ke6
52.Ra7 h5 53.Ra6 Rb6 54.Be8  1/2-1/2

[Event "Yerevan"]
[Site "Yerevan"]
[Date "1980.??.??"]
[Round "2"]
[White "Tukmakov, Vladimir B"]
[Black "Suba, Mihai"]
[Result "0-1"]
[WhiteElo "2560"]
[BlackElo "2470"]

1.c4 Nf6 2.Nc3 c5 3.Nf3 e6 4.e3 a6 5.d4 Qc7 6.Be2 d6 7.O-O Nbd7 8.a4 g6 9.d5 exd5
10.cxd5 Bg7 11.e4 O-O 12.Nd2 Re8 13.Qc2 Rb8 14.Nc4 b5 15.axb5 axb5 16.Na5 c4
17.Nc6 Rb6 18.Ra7 Bb7 19.Be3 Nc5 20.Bxc5 dxc5 21.Rfa1 b4 22.Na4 c3 23.bxc3 Nxe4
24.Nxb6 Qxb6 25.Bc4 Bxc3 26.Rd1 Nd6 27.Bf1 c4 28.Qa4 b3 29.Bxc4 b2 30.Bd3 Re2
31.Bxe2 b1=Q 32.Rxb1 Qxb1+ 33.Bf1 Kg7 34.Qf4 Nf5 35.Ra3 Bf6 36.h3 Qd1 37.Rd3 Qc2
38.Qc7 Ba6 39.Rd2 Qxd2 40.Bxa6 Qxd5 41.Bf1 Qc5 42.Qb7 Nd6 43.Qa6 Ne4 44.Kh2 Qxf2
45.Qd3 Qf4+ 46.Kg1 Bh4 47.Qf3 Bf2+  0-1

[Event "Yerevan"]
[Site "Yerevan"]
[Date "1980.??.??"]
[Round "3"]
[White "Suba, Mihai"]
[Black "Karlsson, Lars"]
[Result "1/2-1/2"]
[WhiteElo "2470"]
[BlackElo "2405"]

1.c4 c5 2.Nf3 Nf6 3.Nc3 e6 4.g3 b6 5.Bg2 Bb7 6.O-O Be7 7.d4 cxd4 8.Qxd4 O-O
9.Rd1 d6 10.b3 Qc8 11.Ba3 Nc6 12.Qf4 d5 13.Bxe7 Nxe7 14.Rac1 dxc4 15.Nb5 Ned5
16.Qe5 Nd7 17.Qb2 Qb8 18.Rxc4 N7f6 19.Rdc1 a6 20.Nc7 b5 21.Nxd5 Bxd5 22.Rc7 Ra7
23.R7c2 Qa8 24.Qa3 a5 25.Qc5 b4 26.Qd4 Rd7 27.Ne5  1/2-1/2

[Event "Weihnachts op-M 21th"]
[Site "Zuerich"]
[Date "1980.??.??"]
[Round "?"]
[White "Kuemin, Simon"]
[Black "Knoedler, Dieter"]
[Result "1/2-1/2"]
[WhiteElo "2155"]
[BlackElo "2275"]

1.Nf3 Nf6 2.c4 e6 3.Nc3 c5 4.g3 d5 5.cxd5 Nxd5 6.Bg2 Nc6 7.O-O Be7 8.Nxd5 exd5
9.d4 O-O 10.b3 Bf6 11.Ba3 Nxd4 12.Bxc5 Nc6 13.Bxf8 Bxa1 14.Qxa1 Qxf8 15.Nd4 Be6
16.Nxc6 bxc6 17.Rd1 Rd8 18.Qc3 c5 19.Rc1 c4 20.e3 Qa3 21.Rd1 h6 22.Qc2 Qa5  1/2-1/2

[Event "Athens tt"]
[Site "Athens"]
[Date "1981.??.??"]
[Round "?"]
[White "Krnic, Zdenko"]
[Black "Stoica, Valentin"]
[Result "1/2-1/2"]
[WhiteElo "2470"]
[BlackElo "2425"]

1.c4 c5 2.Nf3 Nf6 3.Nc3 e6 4.g3 b6 5.Bg2 Bb7 6.O-O Be7 7.d4 cxd4 8.Qxd4 d6
9.Rd1 a6 10.b3 Nbd7 11.e4 Qc7 12.Ba3 Nc5 13.e5 dxe5 14.Qxe5 Qxe5 15.Nxe5 Bxg2
16.Kxg2 Rc8 17.Bxc5 Rxc5 18.f4 Rc7 19.Rd3 O-O 20.Rad1 Rfc8  1/2-1/2

[Event "AUT-ch"]
[Site "AUT"]
[Date "1981.??.??"]
[Round "5"]
[White "Titz, Heimo"]
[Black "Herzog, Adolf"]
[Result "1/2-1/2"]
[WhiteElo "2200"]
[BlackElo "2355"]

1.c4 c5 2.Nf3 e6 3.Nc3 Nf6 4.g3 Nc6 5.Bg2 d5 6.cxd5 Nxd5 7.O-O Be7 8.d4 O-O
9.e4 Nxc3 10.bxc3 cxd4 11.cxd4 b6 12.d5 Na5 13.Nd4 Bf6 14.Re1 exd5 15.e5 Be7
16.Bd2 Bb7 17.Bxa5 bxa5 18.Qg4 Rc8 19.Nf5 g6 20.Rad1 Bb4 21.Re3 Rc4 22.Nh6+ Kg7
23.Nf5+ Kh8 24.Nd4 Bc5 25.h4 Qb6 26.Red3 Re8 27.Qf4 Kg8 28.Kh2 Re7 29.R3d2 Bxd4
30.Rxd4 Rxd4 31.Rxd4 Qe6 32.Ra4 Qxe5 33.Rxa5 Qxf4 34.gxf4 a6 35.Bxd5 Bxd5
36.Rxd5 Re4 37.Kg3 Ra4 38.Rd2 Ra3+ 39.f3 Ra4 40.Kg4 h5+ 41.Kg3 Kg7 42.Rc2 Kf6
43.Re2 Ra5 44.Kf2 Ra4 45.Kg3 a5 46.Rb2 Rb4 47.Rc2 Ke6 48.Re2+ Kd6 49.Rd2+ Kc6
50.Re2 Rb5 51.Re7 Rf5 52.a4 Kc5 53.Rb7 Kc4  1/2-1/2

[Event "AUT-ch"]
[Site "AUT"]
[Date "1981.??.??"]
[Round "6"]
[White "Duer, Arne"]
[Black "Zoebisch, Herbert"]
[Result "1/2-1/2"]
[WhiteElo "2200"]
[BlackElo "2215"]

1.c4 c5 2.Nf3 Nf6 3.Nc3 e6 4.g3 Nc6 5.Bg2 d5 6.cxd5 Nxd5 7.O-O Be7 8.d4 O-O
9.Nxd5 exd5 10.dxc5 Bxc5 11.Qc2 Bb6 12.Ng5 g6 13.Qd2 Bd4 14.Rd1 Be6 15.Qf4 Qf6
16.Qxf6 Bxf6 17.Bxd5 Bxd5 18.Rxd5 Rfd8 19.Ne4 Bg7 20.Rxd8+ Rxd8 21.Bg5 Re8
22.Nf6+ Bxf6 23.Bxf6 Re6 24.Bc3 Rxe2 25.Rd1 f5 26.Kf1 Re6 27.b4 b5 28.Rd7 Re7
29.Rd6 Rc7 30.a3 Kf7 31.Bf6 a5 32.bxa5 Nxa5 33.Ra6 Nc4 34.Bd4 Ke7 35.h4 Kd7
36.Bg7 Rc6 37.Ra8  1/2-1/2

[Event "AUT-ch"]
[Site "AUT"]
[Date "1981.??.??"]
[Round "7"]
[White "Swoboda, Ernst"]
[Black "Singer, Hans"]
[Result "1/2-1/2"]
[WhiteElo "2200"]
[BlackElo "2200"]

1.c4 c5 2.Nf3 e6 3.Nc3 Nf6 4.g3 Nc6 5.Bg2 d5 6.cxd5 exd5 7.d4 Be7 8.O-O O-O
9.dxc5 Bxc5 10.Bg5 d4 11.Bxf6 Qxf6 12.Nd5 Qd8 13.Nd2 Re8 14.Rc1 Bb6 15.Nb3 Bg4
16.Re1 Qd7 17.Nc5 Bxc5 18.Rxc5 Re5 19.Nb6 axb6 20.Bxc6 Qe7 21.Rxe5 Qxe5 22.Bxb7 Re8
23.Qd2 h5 24.h4 b5  1/2-1/2

[Event "AUT-ch"]
[Site "AUT"]
[Date "1981.??.??"]
[Round "12"]
[White "Singer, Hans"]
[Black "Zoebisch, Herbert"]
[Result "1/2-1/2"]
[WhiteElo "2200"]
[BlackElo "2215"]

1.c4 c5 2.Nf3 Nf6 3.Nc3 e6 4.g3 Nc6 5.Bg2 d5 6.cxd5 Nxd5 7.O-O Be7 8.d4 O-O
9.Nxd5 exd5 10.dxc5 Bxc5 11.a3 Bf5 12.b4 Bb6 13.Ra2 Be4 14.Rd2 Qe7 15.Bb2 Rfe8
16.Qb3 Rad8 17.Rfd1 Kh8 18.Bc3 f6 19.Qb2 Bxf3 20.Bxf3 d4 21.Bxd4 Nxd4 22.Rxd4 Bxd4
23.Rxd4 Rxd4 24.Qxd4  1/2-1/2

[Event "AUT-ch"]
[Site "AUT"]
[Date "1981.??.??"]
[Round "14"]
[White "Swoboda, Ernst"]
[Black "Zoebisch, Herbert"]
[Result "1-0"]
[WhiteElo "2200"]
[BlackElo "2215"]

1.c4 c5 2.Nf3 Nf6 3.Nc3 e6 4.g3 Nc6 5.Bg2 d5 6.cxd5 Nxd5 7.O-O Be7 8.d4 O-O
9.e4 Ndb4 10.dxc5 Nd3 11.Qe2 Nxc1 12.Raxc1 Bxc5 13.Rfd1 Qe7 14.e5 Bb6 15.Ne4 f6
16.exf6 gxf6 17.Nd6 e5 18.Nxc8 Raxc8 19.Nh4 f5 20.Qh5 e4 21.Nxf5 Rxf5 22.Qxf5 Rf8
23.Qxe4 Qxe4 24.Bxe4 Rxf2 25.Kh1 Ne5 26.h3 Rxb2 27.Rc2 Rb4 28.Bxb7 Kg7 29.Bd5 h5
30.Re2 Ng6 31.Rf1 h4 32.Rf7+ Kh6 33.Be4 hxg3 34.Rf6 Rxe4 35.Rxe4 Kg5 36.Rxg6+  1-0

[Event "Baden-Baden"]
[Site "Baden-Baden"]
[Date "1981.??.??"]
[Round "?"]
[White "Unzicker, Wolfgang"]
[Black "Gheorghiu, Florin"]
[Result "1/2-1/2"]
[WhiteElo "2505"]
[BlackElo "2560"]

1.Nf3 c5 2.c4 Nf6 3.Nc3 b6 4.d4 cxd4 5.Nxd4 Bb7 6.f3 d6 7.e4 e6 8.Be2 Be7
9.O-O O-O 10.Be3 Nbd7 11.Qd2 a6 12.Rfd1 Rc8 13.Rac1 Re8 14.Bf1 Bf8 15.b3 Qc7
16.Qf2 Qb8 17.h3 d5 18.cxd5 exd5 19.exd5 Qe5 20.Re1 Nxd5 21.Bd2 Qd6 22.Nxd5 Rxe1
23.Rxe1 Qxd5 24.Bc4 Qd6 25.Be3 g6 26.Qd2 b5 27.Bf1 Nf6 28.Rc1 Re8 29.Ne2 Qe6
30.Bf2 Rc8 31.Nf4 Qe8 32.Rxc8 Qxc8 33.Qd4 Bg7 34.Qc5 Qd7 35.Nd3 Nd5 36.Qa7  1/2-1/2

[Event "Bangalore"]
[Site "Bangalore"]
[Date "1981.??.??"]
[Round "6"]
[White "Ree, Hans"]
[Black "Rodriguez, Ruben"]
[Result "0-1"]
[WhiteElo "2510"]
[BlackElo "2375"]

1.c4 Nf6 2.Nc3 c5 3.Nf3 e6 4.g3 b6 5.Bg2 Bb7 6.O-O Be7 7.Re1 d5 8.cxd5 Nxd5
9.e4 Nxc3 10.bxc3 O-O 11.d4 cxd4 12.cxd4 Nc6 13.Rb1 Rc8 14.Bf4 Bf6 15.d5 exd5
16.exd5 Ne7 17.d6 Nd5 18.Rb3 Nc3 19.Qd3 Rc5 20.Ng5 Bxg5 21.Bxb7 Bxf4 22.gxf4 Na4
23.Qd4 b5 24.Rg3 g6 25.Bd5 Qc8 26.d7 Qxd7 27.Rd3 Rc7 28.Qf6 Nc5 29.Rdd1 Qg4+
30.Bg2 Ne6  0-1

[Event "Banja Luka"]
[Site "Banja Luka"]
[Date "1981.??.??"]
[Round "?"]
[White "Bukic, Enver"]
[Black "Mihaljcisin, Mihajlo"]
[Result "1-0"]
[WhiteElo "2480"]
[BlackElo "2325"]

1.c4 c5 2.Nf3 Nf6 3.Nc3 e6 4.g3 d5 5.cxd5 Nxd5 6.Bg2 Nc6 7.O-O Be7 8.d4 O-O
9.Nxd5 exd5 10.dxc5 Bxc5 11.Qc2 Bb6 12.Ng5 g6 13.Qd2 Nd4 14.Nf3 Nc6 15.b4 a6
16.Bb2 Qe7 17.a3 Bf5 18.Rad1 Rad8 19.Rfe1 Be4 20.e3 Rc8 21.Bc3 h6 22.Qb2 f6
23.Re2 Kg7 24.Red2 Rcd8 25.Ne1 Rf7 26.a4 Qe6 27.Qb3 Re8 28.Nd3 g5 29.Bxe4 dxe4
30.Qxe6 Rxe6 31.Nb2 Bc7 32.Nc4 Be5 33.Nxe5 Nxe5 34.Bxe5 Rxe5 35.Rc1 Ree7
36.Rc4 Kg6 37.Rd6 h5 38.h3 Kf5 39.Rdd4 Re5 40.Kg2 Rfe7 41.Rc8 g4 42.h4 Rg7
43.Kf1 Kg6 44.Ke2 Kf7 45.Kd2 Kg6 46.Kc3 Rf5 47.Rd2 Re5 48.Rc5 Kf5 49.Kc4 Ke6
50.Rxe5+ fxe5 51.Kc5 Rc7+ 52.Kb6 Rf7 53.a5 Re7 54.Rd8 Rf7 55.Rd2 Re7 56.Rd8 Rf7
57.Rb8 Rxf2 58.Rxb7  1-0

[Event "Banja Luka"]
[Site "Banja Luka"]
[Date "1981.??.??"]
[Round "?"]
[White "Cebalo, Miso"]
[Black "Filipovic, Branko"]
[Result "1/2-1/2"]
[WhiteElo "2510"]
[BlackElo "2215"]

1.c4 Nf6 2.Nc3 c5 3.Nf3 d5 4.cxd5 Nxd5 5.g3 g6 6.Qa4+ Nc6 7.Ne5 Nxc3 8.dxc3 Qd5
9.Nxc6 Bd7 10.e4 Qxc6 11.Qxc6 Bxc6 12.f3 h5 13.Be3 e6 14.a4 a6 15.a5 Be7
16.Bc4 O-O 17.Ke2 Rfd8 18.Rhd1 Rxd1 19.Rxd1 Kf8 20.h3 Ke8 21.g4 hxg4 22.hxg4 Bb5
23.b3 Bxc4+ 24.bxc4 Rd8 25.Rb1 Rd7 26.Rh1 Bf6 27.Bd2 Kd8 28.g5 Be5 29.f4 Bc7
30.Rh8+ Ke7 31.Be3 Kd6 32.f5 gxf5 33.exf5 exf5 34.Bf4+ Ke7 35.Bxc7 Rxc7 36.Ke3 Rd7
37.Rc8 Ke6 38.Rxc5 f6  1/2-1/2

[Event "Banja Luka"]
[Site "Banja Luka"]
[Date "1981.??.??"]
[Round "?"]
[White "Cebalo, Miso"]
[Black "Bukic, Enver"]
[Result "0-1"]
[WhiteElo "2510"]
[BlackElo "2480"]

1.c4 c5 2.Nf3 Nf6 3.Nc3 d5 4.cxd5 Nxd5 5.g3 g6 6.Bg2 Bg7 7.Qa4+ Nc6 8.Qc4 Ndb4
9.O-O Qa5 10.d3 Be6 11.Qh4 h6 12.Bd2 Qd8 13.Rac1 Qd7 14.a3 g5 15.Qe4 f5 16.Qe3 Bd4
17.Qxe6 Qxe6 18.axb4 cxb4 19.Nb5 Bb6 20.Be3 Qd7 21.Bxb6 axb6 22.d4 O-O 23.d5 Qxd5
24.Nc7 Qd6 25.Nxa8 Rxa8 26.Rfd1 Qf6 27.b3 Rd8 28.Rxd8+ Nxd8 29.Rc8 Qd6 30.e3 Qd7
31.Rc1 Nc6 32.Bf1 Kg7 33.Be2 Qd5 34.Rb1 Kf6 35.Rb2 g4 36.Nd2 b5 37.Rc2 Ne5
38.Rb2 Qc5 39.Ra2 h5 40.Nf1 Qc1 41.Rd2 Qb1 42.Rd5 Qxb3 43.Rxb5 Qc2 44.Rb6+ e6  0-1

[Event "Biel"]
[Site "Biel"]
[Date "1981.??.??"]
[Round "?"]
[White "Stean, Michael"]
[Black "Lobron, Eric"]
[Result "1/2-1/2"]
[WhiteElo "2490"]
[BlackElo "2395"]

1.c4 Nf6 2.Nc3 c5 3.Nf3 e6 4.g3 b6 5.Bg2 Bb7 6.O-O Be7 7.d4 cxd4 8.Qxd4 d6
9.e4 Nbd7 10.Qe3 a6 11.Nd4 Qc7 12.b3 O-O 13.Bb2 Rfe8 14.Qd2 Bf8 15.Rfe1 Rad8
16.Re2 Qb8 17.Rae1 g6 18.Qd1 Bg7 19.Ba1 Ba8 20.Nc2 b5 21.cxb5 axb5 22.Nb4 Ne5
23.Rd2 Qb6 24.Nb1 Nc6 25.Nxc6 Bxc6 26.Rc2 e5 27.Nc3 b4 28.Nd5 Nxd5 29.exd5 Bd7
30.Qd2 Rc8 31.Rec1 Rxc2 32.Rxc2 Bf6 33.h4 Rc8  1/2-1/2

[Event "Bochum"]
[Site "Bochum"]
[Date "1981.??.??"]
[Round "?"]
[White "Chandler, Murray G"]
[Black "Borik, Otto"]
[Result "1/2-1/2"]
[WhiteElo "2455"]
[BlackElo "2390"]

1.c4 Nf6 2.Nc3 c5 3.Nf3 e6 4.g3 Nc6 5.Bg2 d5 6.cxd5 Nxd5 7.O-O Be7 8.d4 O-O
9.e4 Ndb4 10.d5 exd5 11.exd5 Nd4 12.a3 Nbc2 13.Nxd4 Nxd4 14.b4 cxb4 15.axb4 Nf5
16.Qb3 Bf6 17.Bb2 Nd6 18.Ne4 Bxb2 19.Qxb2 Bf5 20.Nxd6 Qxd6 21.Rfc1 Rfd8 22.Rc5 Bd7
23.Qc3 h6 24.h4 b6 25.Rc7 Rdc8 26.Rxc8+ Rxc8 27.Qd4 Rc7 28.Bf1  1/2-1/2

[Event "Elekes mem-B"]
[Site "Budapest"]
[Date "1981.??.??"]
[Round "?"]
[White "Szmetan, Ricardo"]
[Black "Biriescu, Ioan"]
[Result "1/2-1/2"]
[WhiteElo "2380"]
[BlackElo "2335"]

1.c4 c5 2.Nf3 Nf6 3.Nc3 d5 4.cxd5 Nxd5 5.d4 Nxc3 6.bxc3 g6 7.e4 Bg7 8.Be3 O-O
9.Rc1 Qa5 10.Qd2 cxd4 11.cxd4 Qxd2+ 12.Nxd2 b6 13.Nb3 Ba6 14.Bxa6 Nxa6 15.Ke2 Rfc8
16.Rxc8+ Rxc8 17.Rc1 Rxc1 18.Nxc1 Kf8 19.Kd3 Ke8 20.Kc4 Kd7 21.d5 e6 22.a4 Nc7
23.Nd3 Ne8 24.Bf4 exd5+ 25.exd5 Nd6+ 26.Bxd6 Kxd6 27.Nb4 Bb2 28.Nc6 a6 29.Nb8 b5+
30.Kb3 Be5 31.a5 Bxh2 32.Nxa6 Bg1 33.Kb4 Bxf2 34.Kxb5 h5 35.Kc4 h4 36.Nb4 g5
37.a6 g4 38.Nd3 Be3 39.Nf4 Kc7 40.Ne2 Kb6 41.Kd3 Bf2 42.d6 h3 43.gxh3 gxh3
44.d7 Bh4 45.Ke3 Kxa6 46.Kf3 Kb7 47.d8=N+ Bxd8 48.Kg3  1/2-1/2

[Event "Budva zt"]
[Site "Budva"]
[Date "1981.??.??"]
[Round "5"]
[White "Toth, Bela"]
[Black "Mariotti, Sergio"]
[Result "1/2-1/2"]
[WhiteElo "2400"]
[BlackElo "2475"]

1.Nf3 Nf6 2.c4 g6 3.Nc3 c5 4.d4 cxd4 5.Nxd4 Nc6 6.e4 d6 7.Be2 Bg7 8.Be3 Bd7
9.O-O O-O 10.Nxc6 Bxc6 11.f3 Nd7 12.Bd4 Bxd4+ 13.Qxd4 Qb6 14.Qxb6 Nxb6 15.Nd5 Nxd5
16.cxd5 Bd7 17.Rfc1 Rfc8  1/2-1/2

[Event "Budva zt"]
[Site "Budva"]
[Date "1981.??.??"]
[Round "8"]
[White "Cebalo, Miso"]
[Black "Afifi, Assem"]
[Result "0-1"]
[WhiteElo "2500"]
[BlackElo "2220"]

1.c4 c5 2.Nf3 Nf6 3.Nc3 g6 4.d4 cxd4 5.Nxd4 Bg7 6.e4 d6 7.Be2 Nc6 8.Be3 O-O
9.O-O Bd7 10.Rc1 Nxd4 11.Bxd4 Bc6 12.f3 Qa5 13.a3 Bh6 14.Rb1 e5 15.Bf2 Qc7
16.b4 b6 17.g3 Nh5 18.Nd5 Bxd5 19.Qxd5 Rad8 20.a4 Qd7 21.a5 Nf6 22.Qd3 bxa5
23.bxa5 Qc7 24.a6 Qc6 25.Qa3 Nd7 26.Rb7 Ra8 27.Rd1 Nc5 28.Bxc5 dxc5 29.Rd5 Rfe8
30.Kg2 Re6 31.Rxc5 Qxa6 32.Qxa6 Rxa6 33.Rxe5 Ra2 34.Kf2 a5 35.f4 Bf8 36.Reb5 a4
37.Rb8 Rxb8 38.Rxb8 Kg7 39.c5 Bxc5+ 40.Kf3 a3 41.Ra8 f5 42.exf5 gxf5 43.Ra5 Rc2
44.g4 a2 45.Bd3 Rc3 46.Rxa2 Rxd3+ 47.Ke2 Re3+ 48.Kd2 fxg4 49.Ra5 Bb4+ 50.Kxe3 Bxa5
51.Kf2 Kf6 52.h3 h5  0-1

[Event "Budva zt"]
[Site "Budva"]
[Date "1981.??.??"]
[Round "11"]
[White "Ivkov, Borislav"]
[Black "Avgousti, Petrakis"]
[Result "1-0"]
[WhiteElo "2510"]
[BlackElo "2200"]

1.Nf3 Nf6 2.c4 c5 3.Nc3 e6 4.e3 Be7 5.d4 cxd4 6.exd4 O-O 7.Bd3 d5 8.cxd5 Nxd5
9.O-O Nc6 10.Re1 Bf6 11.Be4 Nxc3 12.bxc3 Bd7 13.Ba3 Re8 14.Qb1 g6 15.Qxb7 Rb8
16.Qa6 Rb6 17.Qd3 Qc7 18.Bc5 Rb2 19.Nd2 Na5 20.Bb4 Qf4 21.Qe3 Bg5 22.Bxa5 Rxd2
23.Qxf4 Bxf4 24.g3 Bd6 25.Red1 Rb2 26.Rdb1 Reb8 27.Bb4 R8xb4 28.cxb4 Rd2
29.Rd1 Bxb4 30.Rxd2 Bxd2 31.Rb1  1-0

[Event "Budva zt"]
[Site "Budva"]
[Date "1981.??.??"]
[Round "12"]
[White "Ivkov, Borislav"]
[Black "Rukavina, Josip"]
[Result "1/2-1/2"]
[WhiteElo "2510"]
[BlackElo "2460"]

1.c4 e6 2.Nc3 c5 3.Nf3 Nf6 4.g3 b6 5.Bg2 Bb7 6.O-O Be7 7.d4 cxd4 8.Qxd4 O-O
9.Rd1 Nc6 10.Qf4 Qb8 11.Qxb8 Raxb8 12.Bf4 Rbc8 13.Ne5 d6 14.Nxc6 Bxc6 15.Bxd6 Bxd6
16.Rxd6 Bxg2 17.Kxg2 Rxc4 18.Rad1 Ne4 19.Nxe4 Rxe4 20.R1d2 Rb4 21.b3 a5 22.R2d3 g5
23.a3 Rb5 24.Rc6 Kg7 25.Kf3 Rb8 26.Ke3 Rb7 27.Kd2 g4 28.Rc4 h5 29.f3 gxf3
30.exf3 Kf6 31.Ke3 Ke7 32.h4 Rd7 33.Rxd7+ Kxd7 34.Rc3 Ke7 35.g4 Kf6 36.Kf4 Kg6
37.Re3 hxg4 38.fxg4 Rd5 39.b4 axb4 40.axb4 Rd4+ 41.Re4 Rd5 42.Ke3 Kh6 43.Rd4 Re5+
44.Kd3 f5 45.gxf5 exf5 46.Rd6+ Kh5 47.Rxb6 Kxh4  1/2-1/2

[Event "Caorle op"]
[Site "Caorle"]
[Date "1981.??.??"]
[Round "3"]
[White "Radonjanin, Vlastimir"]
[Black "Cebalo, Miso"]
[Result "1/2-1/2"]
[WhiteElo "2225"]
[BlackElo "2510"]

1.Nf3 c5 2.c4 Nf6 3.Nc3 b6 4.g3 Bb7 5.Bg2 e6 6.O-O Be7 7.d4 cxd4 8.Nxd4 Bxg2
9.Kxg2 Qc8 10.Qd3 Nc6 11.Nxc6 Qxc6+ 12.Kg1 Rc8 13.Nb5 Qxc4 14.Nxa7 Qxd3 15.exd3 Ra8
16.Nb5 Nd5 17.Bd2 Bf6 18.d4 Ke7 19.Rfc1 Rhc8 20.a3 Rc6 21.Kf1 g5 22.Ke2 g4
23.Kd3 h5 24.Bb4+ Nxb4+ 25.axb4 Rxc1 26.Rxc1 Bg5 27.Re1 Kf8 28.d5 Ra4 29.dxe6 Rxb4
30.Re5 Bf6 31.exd7 Rxb2 32.Re8+ Kg7 33.Nd6 Rb3+ 34.Kc4 Rc3+ 35.Kb5 Rc7 36.Re7 Bxe7
37.Ne8+ Kg6 38.Nxc7 Kf5 39.Kxb6 Ke4 40.Kc6 Kf3 41.Nd5  1/2-1/2

[Event "Caorle op"]
[Site "Caorle"]
[Date "1981.??.??"]
[Round "4"]
[White "Grooten, Herman"]
[Black "Bruno, Fabio"]
[Result "1-0"]
[WhiteElo "2200"]
[BlackElo "2265"]

1.c4 e6 2.Nc3 c5 3.Nf3 Nf6 4.g3 b6 5.Bg2 Bb7 6.O-O Be7 7.b3 O-O 8.Bb2 d6
9.d4 cxd4 10.Qxd4 a6 11.Rfd1 Nbd7 12.Rac1 Qb8 13.Qf4 Ra7 14.Rc2 Ba8 15.Qe3 Rc8
16.Nd4 Bxg2 17.Kxg2 Bf8 18.Kg1 Rac7 19.Rcd2 d5 20.Nxe6 fxe6 21.Qxe6+ Kh8
22.Nxd5 Nxd5 23.Rxd5 Nc5 24.Qh3 Qb7 25.R1d4 g6 26.Rxc5 bxc5 27.Rd7+  1-0

[Event "Ckhaltubo"]
[Site "Ckhaltubo"]
[Date "1981.??.??"]
[Round "?"]
[White "Yermolinsky, Alex"]
[Black "Gipslis, Aivars"]
[Result "0-1"]
[WhiteElo "2455"]
[BlackElo "2470"]

1.c4 c5 2.Nf3 Nf6 3.Nc3 e6 4.g3 b6 5.Bg2 Bb7 6.O-O Be7 7.d4 cxd4 8.Qxd4 O-O
9.Rd1 Nc6 10.Qf4 Qb8 11.b3 Rd8 12.Bb2 d6 13.h3 a6 14.Rd2 Ra7 15.e4 Ba8 16.Rad1 h6
17.g4 b5 18.c5 e5 19.Qe3 dxc5 20.Rxd8+ Bxd8 21.b4 cxb4 22.Nd5 Nd7 23.h4 Nb6
24.Nxe5 Nxe5 25.Nxb6 Bxh4 26.f3 Bc6 27.Bd4 Re7 28.Bc5 Re8 29.Bxb4 Bg5 30.Qf2 Bxe4
31.Bd6 Qd8 32.fxe4 Nxg4  0-1

[Event "Czestochowa"]
[Site "Czestochowa"]
[Date "1981.??.??"]
[Round "9"]
[White "Votruba, Pavel"]
[Black "Szymczak, Zbigniew"]
[Result "1/2-1/2"]
[WhiteElo "2320"]
[BlackElo "2395"]

1.Nf3 Nf6 2.c4 c5 3.Nc3 d5 4.cxd5 Nxd5 5.e3 Nxc3 6.bxc3 g6 7.d4 Bg7 8.Bb5+ Nd7
9.O-O O-O 10.Ba3 cxd4 11.cxd4 a6 12.Bd3  1/2-1/2

[Event "Esbjerg-B"]
[Site "Esbjerg"]
[Date "1981.??.??"]
[Round "6"]
[White "Wicker, Kevin J"]
[Black "Pedersen, Hans Buus"]
[Result "1/2-1/2"]
[WhiteElo "2305"]
[BlackElo "2250"]

1.c4 c5 2.Nf3 Nf6 3.Nc3 e6 4.e3 Nc6 5.d4 d5 6.a3 cxd4 7.exd4 Be7 8.cxd5 Nxd5
9.Bd3 O-O 10.O-O Nxc3 11.bxc3 b6 12.Bb2 Bb7 13.Qe2 Bf6 14.Rfe1 Rc8 15.Rad1 Na5
16.Ne5 g6 17.c4 Bg7 18.Bc3 Nc6 19.Be4 Bxe5 20.dxe5 Qc7 21.h4 a5 22.h5 Ne7
23.hxg6 hxg6 24.Bxb7 Qxb7 25.Rb1 Qc6 26.Bd4 Qxc4 27.Bxb6  1/2-1/2